Country Flags - Missing Parts - Statistics

General Stats
  • This quiz has been taken 14 times
    9 since last reset
  • The average score is 10 of 18
Answer Stats
Picture Answer % Correct
Antigua and Barbuda
78%
Dominica
78%
Greece
78%
Sri Lanka
78%
Togo
78%
Cape Verde
67%
Central African Republic
67%
Kazakhstan
67%
Mozambique
67%
Vanuatu
67%
Kiribati
56%
Kyrgyzstan
44%
Namibia
44%
Burundi
33%
Comoros
22%
North Macedonia
22%
South Africa
22%
Suriname
11%
No matching quizzes found
Score Distribution
Percent of People with Each Score
Percentile by Number Answered
Your Score History
You have not taken this quiz since the last reset